000 00290nam a22001337a 4500
008 181017b xxu||||| |||| 00| 0 eng d
020 _a9781608313365
041 _aeng
080 _a610
100 _a6
101 _aANE
245 _aPocket Pain Medicine
_cUrman,R.D
942 _2udc
_cBK
999 _c49994
_d49994